000 01058nam a2200289 4500
003 EG-GICUC
005 20260121101355.0
008 251127s1919 uk ||||fr|||| 00| 0 eng d
040 _aEG-GiCUC
_beng
_cEG-GiCUC
_dEG-GiCUC
_erda
082 0 4 _221
_a341.22
_bB U . H
092 0 4 _221
099 _aLaw1 11 341.22 B U . H 1919
100 1 _aButler, Geoffrey G.
_cSir,
_d1887-1929
_q(Geoffrey Gilbert),
_eAuthor.
245 1 2 _aA handbook to the League of Nations /
_cby Geoffrey Butler ; with an introduction by Robert Cecil.
264 1 _aLondon ;
_aNew York :
_bLongmans, Green and Co.,
_c1919.
300 _a80 pages ;
_c24 cm.
336 _2rda content
_atext
337 _2rda media
_aComputer
338 _2rda carrier
_aOnline Resource
504 _aRéférences bibliographiques
650 1 _2qrmak
_aLeague of Nations
_xPublic international law
651 1 _2qrmak
700 1 _aCecilو Robert
_cViscount,
_d1864-1958,
_eContributor
856 4 0 _uhttps://fll.law.cu.edu.eg/fulltext/bks/B11-05970.pdf
905 _a75
_eYara
942 _2ddc
_n0
_cBK
_e21
999 _c46652
_d46652